Statistics for Football - Scottish Clubs by their Numbers

Click here to take the quiz!

General Stats

  • This quiz has been taken 31 times
    (22 since last reset)
  • The average score is 3 of 18

Answer Stats

NumberLeague 2017/18CLUB% Correct
1888PremiershipCeltic
85%
1903PremiershipAberdeen
40%
1874PremiershipHeart of Midlothian
35%
1875PremiershipHibernian
25%
1874ChampionshipGreenock Morton
25%
1870League OneStranraer
15%
1874PremiershipHamilton Academical
15%
1876PremiershipPartick Thistle
15%
1877League TwoClyde
10%
1877ChampionshipSt. Mirren
10%
1884PremiershipSt. Johnstone
10%
1906ChampionshipBrechin City
5%
1910League OneAyr United
5%
1886PremiershipMotherwell
5%
1891League TwoPeterhead
0%
1884League TwoStenhousemuir
0%
1879League TwoMontrose
0%
1881League TwoEast Stirlingshire
0%

Score Distribution

Percentile by Number Answered

Percent of People with Each Score

Your Score History

You have not taken this quiz since the last reset